New science literacy: Using language skills to help students learn science (Record no. 1387456)

MARC details
000 -LEADER
fixed length control field 00679nam a2200229Ia 4500
005 - DATE AND TIME OF LATEST TRANSACTION
control field 20250508164158.0
008 - FIXED-LENGTH DATA ELEMENTS--GENERAL INFORMATION
fixed length control field 008 250505s9999 xx 000 0 eng d
020 ## - INTERNATIONAL STANDARD BOOK NUMBER
International Standard Book Number 0-325-00459-5
037 ## - SOURCE OF ACQUISITION
Stock number TextBook
040 ## - CATALOGING SOURCE
Original cataloging agency FEDL
Language of cataloging eng
Transcribing agency FEDL
041 ## - LANGUAGE CODE
Language code of text/sound track or separate title eng
Source of code eng
084 ## - COLON CLASSIFICATION NUMBER
Classification number 507.1, THI
Assigning agency FEDL
100 ## - MAIN ENTRY--PERSONAL NAME
Personal name Thier Marlene
9 (RLIN) 777608
245 #0 - TITLE STATEMENT
Title New science literacy: Using language skills to help students learn science
260 ## - PUBLICATION, DISTRIBUTION, ETC.
Place of publication, distribution, etc. Heinemann
Name of publisher, distributor, etc. University of California USA
Date of publication, distribution, etc. 2002
300 ## - PHYSICAL DESCRIPTION
Extent xxi,194p
365 ## - TRADE PRICE
Price type code GBP
Price amount 12.9
650 ## - SUBJECT ADDED ENTRY--TOPICAL TERM
Topical term or geographic name entry element Science Education
700 ## - ADDED ENTRY--PERSONAL NAME
Personal name Daviss Bennett
9 (RLIN) 777609
942 ## - ADDED ENTRY ELEMENTS (KOHA)
Koha item type Textbook
Classification part 507.1, THI
Holdings
Withdrawn status Lost status Damaged status Not for loan Home library Current library Date acquired Cost, normal purchase price Total Checkouts Full call number Barcode Date last seen Price effective from Koha item type
        Department of Education Library Department of Education Library 2025-05-08 12.90   507.1, THI EL0081076 2025-05-08 2025-05-08 Textbook
Copyright @ Delhi University Library System